| 000 | 00000nam 2200000za 4500 |
| 001 | 9.641264 |
| 003 | CaOODSP |
| 005 | 20210624223127 |
| 007 | cr ||||||||||| |
| 008 | 150407|2013||||xxc|||||o f|0| 0 fre d |
| 020 | |a978-0-662-75327-8 |
| 040 | |aCaOODSP|bfre |
| 043 | |an-cn--- |
| 086 | 1 |aV32-249/2013F-PDF |
| 110 | 1 |aCanada. |bAnciens combattants Canada. |
| 245 | 13|aLe Canada se souvient la Cote 355 |h[ressource électronique] |
| 260 | |aCharlottetown - Ile du Prince-Édouard : |bAnciens Combattants Canada |c[2013]. |
| 300 | |a2p. |
| 590 | |a13-15|b2013-04-12 |
| 775 | 08|tCanada remembers Hill 355 |w(CaOODSP)9.697197 |
| 794 | |tLe Canada se souvient la cote 355 |w(CaOODSP)9.854000 |
| 856 | 40|ahttp://publications.gc.ca|qPDF|s1.67 Mo|uhttps://publications.gc.ca/collections/collection_2013/aac-vac/V32-249-2013-fra.pdf |